00602nam a2200217Ia 4500008004100000020001800041050001700059050001800076100002100094245004100115245002000156260001600176260002000192260000900212300001600221300001100237500002000248650002800268650005400296650003400350180523s9999 xx 000 0 und d a81-7929-054-9 aMAIN HD 62.4 b.B57 2003 c.1 aBirkin, Malcolm. 0aHow to build an integrated company / 0cMalcolm Birkin. aNew Delhi : bInfinity Books, c2003 a215 pages : c22 cm. aIncludes index. aComparative management. aInternational business enterprises -- Management. xOrganizational effectiveness.